Visualizzazione normale
Vista MARC
- European Commission, OECD
di Personal Name
Records bibliografici associati: 1
001 - CONTROL NUMBER
- control field: 58737
003 - CONTROL NUMBER IDENTIFIER
- control field:
005 - DATE AND TIME OF LATEST TRANSACTION
- control field: 20210113130654.0
008 - FIXED-LENGTH DATA ELEMENTS
- fixed length control field: 210113|| aca||aabn | a|a d
040 ## - CATALOGING SOURCE
- Original cataloging agency:
- Transcribing agency:
100 ## - HEADING--PERSONAL NAME
- Personal name: European Commission, OECD
670 ## - SOURCE DATA FOUND
- Source citation: Work cat.: (): European Commission, OECD, Settling 2018. Main indicators of immigrant integration, 2018